Top 10 des pays avec les décès de Covid-19 - 9 avril - Statistiques

Statistiques générales
  • Ce quiz a été pris 108 fois
  • Le résultat moyen est 8 sur 14
Statistiques - réponses
taux par
million
country % Correct
Chine
94%
1804 France
94%
1397 Etats-Unis
93%
3261 Espagne
86%
2375 Italie
84%
1394 Allemagne
76%
Royaume-Uni
67%
1369 Portugal
61%
2156 Belgique
51%
2778 Suisse
47%
Iran
34%
1471 Autriche
23%
1331 Irlande
22%
Turquie
15%
Aucun quiz correspondant
Distribution des résultats
% des personnes avec chaque résultat
Percentile par nombre de réponses
Votre historique - résultats
Vous n’avez pas pris ce quiz